00393nam a2200145Ia 4500008004100000082001000041100001900051245001300070260002000083630001300103730001300116942000900129999001900138952009000157100328s9999 xx 000 0 und d b52800 aMuj umdar Lila aOur Poet bSahitya Akademi aOur Poet aOur Poet cBOOK c539649d539646 00104070aRNVbRNVd2010-03-28l0pRNV-52800r2010-03-28 00:00:00w2010-03-28yBOOK